Multipurpose generator of high-power nanosecond high-voltage pulses; Proceedings of the 15th International Conference on High-Power Particle Beams, Saint-Petersburg, july 18-23, 2004

Λεπτομέρειες βιβλιογραφικής εγγραφής
Parent link:Proceedings of the 15th International Conference on High-Power Particle Beams, Saint-Petersburg, july 18-23, 2004.— 2005.— P. 343-347
Άλλοι συγγραφείς: Chernykh E. V., Fortov V. E., Gorbachev K. V., Korovin S. D., Mesyats G. A. Gennady Andreyevich, Nesterov E. V., Polevin S. D., Stroganov V. A.
Περίληψη:В фонде НТБ ТПУ отсутствует
Γλώσσα:Αγγλικά
Έκδοση: 2005
Θέματα:
Μορφή: Κεφάλαιο βιβλίου
KOHA link:https://koha.lib.tpu.ru/cgi-bin/koha/opac-detail.pl?biblionumber=596764

MARC

LEADER 00000naa0a2200000 4500
001 596764
005 20250122145355.0
035 |a (RuTPU)RU\TPU\tpu\19790 
090 |a 596764 
100 |a 20110823d2005 k||y0rusy50 ba 
101 0 |a eng 
102 |a RU 
200 1 |a Multipurpose generator of high-power nanosecond high-voltage pulses  |f E. V. Chernykh [et al.] 
333 |a В фонде НТБ ТПУ отсутствует 
463 |t Proceedings of the 15th International Conference on High-Power Particle Beams, Saint-Petersburg, july 18-23, 2004  |v P. 343-347  |d 2005 
610 1 |a труды учёных ТПУ 
701 1 |a Chernykh  |b E. V. 
701 1 |a Fortov  |b V. E. 
701 1 |a Gorbachev  |b K. V. 
701 1 |a Korovin  |b S. D. 
701 1 |a Mesyats  |b G. A.  |c russian physicist  |c academican, vice-president of RAS  |c graduate of Tomsk Polytechnic Institute  |f 1936-  |g Gennady Andreyevich  |3 (RuTPU)RU\TPU\pers\28088  |4 070 
701 1 |a Nesterov  |b E. V. 
701 1 |a Polevin  |b S. D. 
701 1 |a Stroganov  |b V. A. 
801 1 |a RU  |b 63413507  |c 20110823 
942 |c BK